Markets (Record no. 84322)

MARC details
000 -LEADER
fixed length control field 01019cab a22002055a 4500
001 - CONTROL NUMBER
control field L157306
008 - FIXED-LENGTH DATA ELEMENTS--GENERAL INFORMATION
fixed length control field 121015e2012 xxk 000 0 eng d
035 ## - SYSTEM CONTROL NUMBER
System control number (Sirsi) u157306
041 0# - LANGUAGE CODE
Language code of text/sound track or separate title eng
100 1# - MAIN ENTRY--PERSONAL NAME
Personal name Unger, Paul
245 00 - TITLE STATEMENT
Title Markets
Remainder of title North-west
260 ## - PUBLICATION, DISTRIBUTION, ETC.
Date of publication, distribution, etc. 2012
490 #0 - SERIES STATEMENT
Series statement Property Week International
Volume/sequential designation 78(40) 5 October 2012, 72-89(5)
520 ## - SUMMARY, ETC.
Summary, etc. Biotech and medical developments are creating a new forefront in the north-west with the National Graphene Institute in Manchester and the Liverpool School of Tropical Medicine. Global retail and leisure brands are testing new concepts in the region: Legoland Discovery Centre, Manchester; the M & S superstore at Ellesmere Port; and Harvey Nichols Beauty Bazaar and House of Fraser.com in Liverpool. An anonymous consortium of technology companies known as Project Digital or Tomorrow is moving in on 20 Manchester buildings.
590 ## - LOCAL NOTE (RLIN)
Local note KA
651 #4 - SUBJECT ADDED ENTRY--GEOGRAPHIC NAME
Geographic name Manchester
651 #4 - SUBJECT ADDED ENTRY--GEOGRAPHIC NAME
Geographic name Liverpool
690 ## - LOCAL SUBJECT ADDED ENTRY--TOPICAL TERM (OCLC, RLIN)
Topical term or geographic name as entry element Commercial property
9 (RLIN) 6227
942 ## - ADDED ENTRY ELEMENTS (KOHA)
Suppress in OPAC 0
Holdings
Withdrawn status Lost status Source of classification or shelving scheme Damaged status Not for loan Home library Current library Shelving location Date acquired Total Checkouts Full call number Barcode Date last seen Copy number Price effective from Koha item type
    Dewey Decimal Classification     London London Journal article 15/10/2012   L157306 157306-1001 06/08/2019 1 06/08/2019 Journal article